Reforma educativa : (Record no. 68183)

MARC details
000 -LEADER
campo de control de longitud fija 01458cam a2200361 i 4500
001 - NÚMERO DE CONTROL
campo de control 128835
005 - FECHA Y HORA DE LA ÚLTIMA TRANSACCIÓN
campo de control 20230410123921.0
008 - DATOS DE LONGITUD FIJA--INFORMACIÓN GENERAL
campo de control de longitud fija 140709s2017 mx b 001 0 spa d
035 ## - NÚMERO DE CONTROL DEL SISTEMA
Número de control de sistema 18217134
010 ## - NÚMERO DE CONTROL DE LA BIBLIOTECA DEL CONGRESO
Número de control de LC 2014380635
020 ## - NÚMERO INTERNACIONAL ESTÁNDAR DEL LIBRO
Número Internacional Estándar del Libro 9786078517190
035 ## - NÚMERO DE CONTROL DEL SISTEMA
Número de control de sistema (OCoLC)ocn869920677
040 ## - FUENTE DE CATALOGACIÓN
Centro catalogador/agencia de origen AZU
Lengua de catalogación eng
Centro/agencia transcriptor TEF
Centro/agencia modificador DLC
Normas de descripción rda
Centro/agencia modificador DLC
041 ## - CÓDIGO DE IDIOMA
Código de lengua del texto/banda sonora o título independiente Eng
042 ## - CÓDIGO DE AUTENTICACIÓN
Código de autenticación lccopycat
043 ## - CÓDIGO DE ÁREA GEOGRÁFICA
Código de área geográfica n-mx---
050 14 - SIGNATURA TOPOGRÁFICA DE LA BIBLIOTECA DEL CONGRESO
Número de clasificación LA 422
Número de ítem R332 2017
082 00 - NÚMERO DE LA CLASIFICACIÓN DECIMAL DEWEY
Número de clasificación 370.972
111 2# - ENTRADA PRINCIPAL--NOMBRE DE CONGRESO/REUNIÓN
Nombre de congreso/reunión o jurisdicción como elemento de entrada Seminario Internacional "Reforma Educativa ¿Qué Estamos Transformando?"
Fecha del congreso o de la firma del tratado (2017 :
Sede del congreso/Lugar de la reunión Mexico City, Mexico),
Término indicativo de función/relación author.
245 10 - MENCIÓN DEL TÍTULO
Título Reforma educativa :
Resto del título ¿qué estamos transformando? : debate informado /
Mención de responsabilidad, etc. Gloria Del Castillo, Giovanna Valenti Nigrini (coordinadoras) ; [autores], María del Carmen Pardo [and eight others].
250 ## - MENCION DE EDICION
Mención de edición 1a ed.
260 ## - PUBLICACIÓN, DISTRIBUCIÓN, ETC.
Lugar de publicación, distribución, etc. México, D.F. :
Nombre del editor, distribuidor, etc. FLACSO México,
Fecha de publicación, distribución, etc. 2017.
300 ## - DESCRIPCIÓN FÍSICA
Extensión 189 p. ;
Dimensiones 23 cm
504 ## - NOTA DE BIBLIOGRAFÍA, ETC.
Nota de bibliografía, etc. Includes bibliographical references.
650 #0 - PUNTO DE ACCESO ADICIONAL DE MATERIA--TÉRMINO DE MATERIA
Término de materia o nombre geográfico como elemento de entrada Educational change
Subdivisión geográfica Mexico
Subdivisión de forma Congresses.
650 #4 - PUNTO DE ACCESO ADICIONAL DE MATERIA--TÉRMINO DE MATERIA
Término de materia o nombre geográfico como elemento de entrada Cambio educacional
Subdivisión geográfica México
Subdivisión de forma Congresos, conferencias, etc.
700 1# - ENTRADA AGREGADA--NOMBRE PERSONAL
Nombre de persona Castillo Alemán, Gloria Del,
Término indicativo de función/relación ed.
700 1# - ENTRADA AGREGADA--NOMBRE PERSONAL
Nombre de persona Valenti Nigrini, Giovanna,
Término indicativo de función/relación ed.
700 12 - ENTRADA AGREGADA--NOMBRE PERSONAL
Información de relación Container of (work):
Nombre de persona Pardo, María del Carmen.
Título de la obra Difícil profesionalización del magisterio por la vía "profesional."
856 41 - LOCALIZACIÓN Y ACCESO ELECTRÓNICOS
Materiales especificados Table of contents only
Identificador Uniforme de Recursos <a href="http://www.loc.gov/catdir/toc/fy14pdf02/2014380635.html">http://www.loc.gov/catdir/toc/fy14pdf02/2014380635.html</a>
942 ## - ELEMENTOS DE ENTRADA SECUNDARIOS (KOHA)
Fuente del sistema de clasificación o colocación Clasificación de Library of Congress
Tipo de ítem Koha
946 ## - PROCESAMIENTO DE INFORMACIÓN LOCAL (OCLC)
a dvf
Holdings
Estatus retirado Estado de pérdida Fuente del sistema de clasificación o colocación Estado de daño No para préstamo Colección Biblioteca de origen Biblioteca actual Ubicación en estantería Fecha de adquisición Serial enumeration / chronology Signatura topográfica completa Código de barras Visto por última vez Copia número Tipo de ítem Koha
    Clasificación de Library of Congress     Humanidades Biblioteca Juan Bosch Biblioteca Juan Bosch Humanidades (4to. Piso) 10/04/2023 1 LA 422 R332 2017 00000121549 25/10/2018 1